Warrior cats T names - Statistics

General Stats
  • This quiz has been taken 11 times
    8 since last reset
  • The average score is 33 of 72
Answer Stats
% Correct
Thorn
100%
Thornclaw
100%
Thorn that grows in cleft
100%
Tornear
100%
Tawnypelt
83%
ThistleAvos
83%
Thistleclaw
83%
ThistleDotc
83%
TigerstarAvos
83%
TigerstarTpb
83%
Twig
83%
Twigbranch
83%
Tallstar
67%
Talon of swooping eagle
67%
Tawnyfur
67%
Tawnyspots
67%
Thistleheart
67%
ThrushpeltTc
67%
ThrushpeltWc
67%
Thunderstar
67%
Tinycloud
67%
Tom
67%
Tree
67%
Tumblekit
67%
Turtle tail
67%
Talonpaw
50%
Tangle
50%
Tanglewhisker
50%
Tess
50%
ThistlepawCotc
50%
ThistlepawTnp
50%
Thistletail
50%
Thriftear
50%
Thrushwing
50%
Turtlecrawl
50%
Twigtail
50%
Twist
50%
Twisted branch
50%
Tallpoppy
33%
Talonstar
33%
Tanglepaw
33%
Tansy
33%
Tansypaw
33%
Thrushtalon
33%
Timberfur
33%
Tiny branch
33%
Toad
33%
Toadstep
33%
Troutclaw
33%
Troutstar
33%
Troutstream
33%
Tulipkit
33%
Tuna
33%
Tadpole
17%
Tangleburr
17%
Taylor
17%
Tempest
17%
Thorntooth
17%
Thornwhisker
17%
Thrushcall
17%
Tiger tail
17%
Tinyclaw
17%
Toadfoot
17%
Toadskip
17%
Tommy
17%
Tumbletail
17%
Turtlekit
17%
Tyr
17%
Tom-tom
0%
Trout fur
0%
Troutshine
0%
Turtlesnap
0%
No matching quizzes found
Score Distribution
Percent of People with Each Score
Percentile by Number Answered
Your Score History
You have not taken this quiz since the last reset